000 00738nam a2200241 a 4500
001 3633
003 CDMR
005 20131107161102.0
008 130130s1974||||||||||||||||||||||||||||d
020 _a8485047281
040 _aCDMR
_bcat
_cCDMR
100 1 _aMorin, Violette
_91336
245 1 0 _aTratamiento periodístico de la información
_cViolette Morin ; [traductor Alfonso Espinet]
246 _aL'ecriture de presse
260 _aBarcelona
_c1974
_bA.T.E.
300 _a163 p.
490 _aLibros de comunicación social
650 0 4 _94097
_aAnàlisi de contingut (Comunicació)
650 0 4 _93752
_aPremsa
_zFrança
654 _93158
_aPeriodisme i llenguatge
700 1 _9475
_aMoragas Spà, Miquel de
_epr.
942 _cMON
_2udc
999 _c3633
_d3633